000 01120cac a22003374i 4500
003 EG-GICUC
005 20260121101537.0
008 031215s2004 njua frb 001 0 eng d
020 _a0131127152
020 _a9780131127159
040 _aDLC
_cDLC
_dDLC
_dEG-GICUC
_beng
_erda
050 0 0 _aHV6431
_b.P6 2005
082 0 0 _a341.77
_221
092 0 4 _221
099 _aLaw 10 2004
100 1 _aPoland, James M.
245 1 0 _aUnderstanding terrorism :
_bgroups, strategies, and responses /
_cJames M. Poland.
250 _a2nd edition.
264 _aUpper Saddle River, N.J. :
_bPearson Prentice Hall,
_c2005.
300 _axii, 312 page :
_billustrations ;
_c24 cm.
336 _atext
_btxt
_2rdacontent
337 _aunmediated
_bn
_2rdamedia
338 _avolume
_bnc
_2rdacarrier
504 _aIncludes bibliographical references and index.
650 0 _aTerrorism.
650 0 _aTerrorism
_xPrevention.
856 4 1 _uhttps://fll.law.cu.edu.eg/fulltext/bks/ENGB10-00083.pdf
856 4 1 _3Table of contents
_uhttp://www.loc.gov/catdir/toc/ecip0412/2003027363.html
905 _a10
942 _2ddc
_cBK
_e21
_n0
999 _c52449
_d52449